| 000 | 00574nam a22001937a 4500 | ||
|---|---|---|---|
| 999 |
_c6791 _d6791 |
||
| 003 | OSt | ||
| 005 | 20210225161454.0 | ||
| 008 | 210225b ||||| |||| 00| 0 eng d | ||
| 020 | _a0702021261 | ||
| 040 |
_bDLC _c040a |
||
| 082 |
_aWY 100 _bE28s 1999 |
||
| 245 |
_aEssential science for nursing students : _ban introductory text / _cRoger Watson |
||
| 260 |
_aLondon _bBaillier Tindall _c1999 |
||
| 300 |
_avi, 316p; _bcol.ill: _c24cm |
||
| 504 | _aIncludes bibliographical references and index | ||
| 650 | _2Nursing | ||
| 700 |
_aWatson, Roger _912338 |
||
| 942 |
_2ddc _cO_SHELF |
||